00786nam a22002297a 45000010005000000030006000050050017000110080041000280200018000690400030000870500016001170820011001331000023001442450042001672600037002093000025002465050007002715200219002785210018004975210018005157000023005333943FISKH20240529085418.0240527b cb ||||| |||| 00| 0 eng d a9780545758376 aFISK beng cFISK dFISK  aPZ7.S78685  a813.6  aStaniszewski Anna  aThe dirt diary / cAnna Staniszewski  aNew York : bScholasitc, c2014  a246 pages : c20 cm  aM  aThe first book in Anna Staniszewski's award-winning YA best selling book series: The Dirt Diaries! A hilarious tale about the weight of responsibility that comes from a secret-filled diary... Rachel can't believe. 8 a750 bLexile 8 aM bRaz-Plus  aAnna Staniszewski